000 00816nam a22002415i 4500
001 153742
003 ES-MaACL
005 20250827062628.0
008 940301s1881 sp |||| | spa d
040 _aAS
_bspa
080 _a347.91/.95(460)"18881"(094.5)
110 1 _aEspaña
_93622
240 1 0 _aLey de enjuiciamiento civil (
_d1881)
245 1 0 _aLey de enjuiciamiento civil.
250 _aEd. oficial.
260 _aMadrid :
_b[s.n.],
_c1881 (
_fImprenta del Ministerio de Gracia y Justicia)
300 _aXIV, 505 p. ;
_c23 cm.
650 4 _aProcedimiento civil-
_zEspaña-
_vLegislación.
_916422
852 _aES-MaACL
_jB-5319
_zEnc. pasta
_dOlim: G-14208
852 _aES-MaACL
_jArmario18
_z-- Enc. tela
_x.- Sello del Ministerio de Gracia y Justicia
942 _2udc
999 _c153742
_d153742